Pays - Longez la côte (Amériques) - Statistiques

Statistiques générales
  • Ce quiz a été pris 714 fois
  • Le résultat moyen est 29 sur 32
Statistiques - réponses
Indice Pays % Correct
Commencez avec 'Canada'. Canada
98%
Canada
98%
Canada
98%
Longez la côte en citant les pays rencontrés. Mexique
98%
Mexique
98%
Puis, dans le sens des aiguilles d'une montre, Etats-Unis
97%
Etats-Unis
97%
Etats-Unis
97%
Brésil
94%
Argentine
93%
Chili
93%
Colombie
93%
Colombie
93%
Panama
93%
Panama
93%
Costa Rica
92%
Costa Rica
92%
Pérou
92%
Vénézuela
91%
Equateur
90%
Guyana
90%
Honduras
90%
Honduras
90%
Belize
89%
Uruguay
89%
Guatemala
88%
Guatemala
88%
Nicaragua
88%
Nicaragua
88%
Suriname
85%
Salvador
84%
France
77%
Aucun quiz correspondant
Distribution des résultats
% des personnes avec chaque résultat
Percentile par nombre de réponses
Votre historique - résultats
Vous n’avez pas pris ce quiz